[Event "Online Olym Base C"]
[Site "Chess.com INT"]
[Date "2020.07.25"]
[Round "2.2"]
[White "Alkrnaf, Mohamed Othman"]
[Black "Guillaume, Jude Mirvens"]
[Result "1-0"]
[WhiteElo "1852"]
[BlackElo "2022"]
[PlyCount "81"]
[EventDate "2020.07.25"]
[EventType "team-tourn (rapid)"]
[EventRounds "9"]
[EventCountry "USA"]
[SourceTitle "CBM 198"]
[Source "ChessBase"]
[SourceDate "2020.10.31"]
[SourceVersion "1"]
[SourceVersionDate "2020.10.31"]
[SourceQuality "1"]
[WhiteTeam "Libya"]
[BlackTeam "Haiti"]
[WhiteTeamCountry "LBY"]
[BlackTeamCountry "HAI"]

1. e4 c5 2. Nf3 d6 3. d4 cxd4 4. Nxd4 Nf6 5. Nc3 a6 6. Be3 e6 7. g4 Nc6 8. g5 Nd7 9. f4 Qc7 10. h4 Nxd4 11. Qxd4 b5 12. Bg2 Bb7 13. h5 h6 14. g6 f6 15. Bh3 Ke7 16. 0-0-0 Rd8 17. f5 exf5 18. Bxf5 Ne5 19. Nd5+ Bxd5 20. Qxd5 Qc4 21. Qb7+ Rd7 22. Bxd7 Nxd7 23. Qxa6 Kd8 24. Qa8+ Kc7 25. Rd3 b4 26. Qa7+ Kd8 27. Qa8+ Ke7 28. b3 Qc7 29. Bf4 Ne5 30. Bxe5 fxe5 31. Rf1 Ke6 32. Qd5+ Kd7 33. Rf7+ Be7 34. Qxe5 Re8 35. Qf5+ Kc6 36. Qd5+ Kb6 37. Qd4+ Ka6 38. Qxb4 Rc8 39. Qa4+ Kb7 40. Qb5+ Ka7 41. c4 1-0